000 00385 a2200145 4500
082 _aH4
_bSUN/C
100 _aSunIthabhai L.
_9109842
245 _aChinthan anuchinthan/
_cby SunIthabhai L.
260 _bJawahar Pustakalay,
_aMadhura:
_c2002.
300 _a96p.
650 _aEssays Hindi
_9109843
650 _aLiterature Hindi
_9109844
650 _aLiterature
_9109845
942 _cBK
999 _c139818
_d139818